KOHA-Header-6

Smart Power Climate Change the smart Gird (Record no. 2589)

000 -LEADER
fixed length control field 00335nam a2200121Ia 4500
008 - FIXED-LENGTH DATA ELEMENTS--GENERAL INFORMATION
fixed length control field 190802s9999 xx 000 0 und d
020 ## - INTERNATIONAL STANDARD BOOK NUMBER
International Standard Book Number 13:978-1-59726-706-9
100 ## - MAIN ENTRY--PERSONAL NAME
Personal name Peter Fox-Penner
245 #0 - TITLE STATEMENT
Title Smart Power Climate Change the smart Gird
260 ## - PUBLICATION, DISTRIBUTION, ETC. (IMPRINT)
Place of publication, distribution, etc New York
Name of publisher, distributor, etc Northeastern University
Date of publication, distribution, etc 2010
300 ## - PHYSICAL DESCRIPTION
Extent 328:p
942 ## - ADDED ENTRY ELEMENTS (KOHA)
Koha item type Books
Holdings
Withdrawn status Lost status Source of classification or shelving scheme Damaged status Not for loan Collection code Permanent Location Current Location Shelving location Date acquired Full call number Barcode Date last seen Price effective from Koha item type
          Computer Science MAJU MAJU Shelf No.A32 2019-08-03 333.79 9212 2019-08-03 2019-08-03 Computer Science

Powered by Koha